000
00343nam a2200169Ia 4500
100
_a
Salinger/J.D
650
_a
Ficiton
942
_c
BK
366
_f
20
654
_a
novel
245
_a
The catcher in the Rye: A novel
260
_b
Back bay books
_c
1951
082
_a
808.83/SAL
300
_a
214
546
_a
ENGLISH
999
_c
35266
_d
35266